Largest University Endowments - Statistics

General Stats
  • This quiz has been taken 82 times
  • The average score is 28 of 40
Answer Stats
Endowment in Billions Answer % Correct
$38.303 Harvard University
100%
$29.351 Yale University
98%
$16.529 Massachusetts Institute of Technology
94%
$13.777 University of Pennsylvania
92%
$25.917 Princeton University
90%
$11.008 University of California (all schools)
90%
$3.604 Brown University
88%
$10.869 Columbia University
85%
$26.465 Stanford University
85%
$11.902 University of Michigan
85%
$7.594 Washington University in St. Louis
83%
$4.266 New York University
81%
$30.886 University of Texas System
81%
$2.764 University of Washington
81%
$8.525 Duke University
79%
$7.928 University of Chicago
79%
$5.494 Dartmouth College
77%
$2.523 University of California, Los Angeles (UCLA Foundation only)
77%
$3.433 University of North Carolina at Chapel Hill
77%
$7.230 Cornell University
75%
$2.879 California Institute of Technology
73%
$5.211 Ohio State University
71%
$6.953 University of Virginia
71%
$11.088 Northwestern University
69%
$13.525 Texas A&M University System
69%
$2.985 University of Wisconsin-Madison
69%
$5.544 University of Southern California
67%
$2.623 University of Illinois (system-wide)
65%
$10.728 University of Notre Dame
65%
$6.278 Rice University
63%
$4.608 Vanderbilt University
63%
$3.717 University of Minnesota
60%
$4.264 Penn State University (system-wide)
58%
$4.325 Johns Hopkins University
54%
$7.292 Emory University
52%
$4.200 University of Pittsburgh
48%
$2.908 Michigan State University
46%
$2.524 Purdue University
38%
$2.750 Williams Collge
25%
$2.512 University of Richmond
15%
No matching quizzes found
Score Distribution
Percent of People with Each Score
Percentile by Number Answered
Your Score History
You have not taken this quiz